000 01063cam a2200361Li 4500
001 93471
005 20230410132922.0
008 090422s19779999sp f b 001 0 spa d
035 _a(OCoLC)ocn494596387
040 _aZWZ
_encafnor
_bfre
_cZWZ
020 _a8424935489
020 _a9788424935481
029 0 _aZWZ
_b132964767
029 1 _aZWZ
_b134476352
035 _a(OCoLC)494596387
050 1 4 _aB 171
_bB582 1977
049 _aGRAL
100 0 _aApuleyo
130 1 _aBiblioteca clásica Gredos.
245 1 0 _aApología ; Flórida /
_cApuleyo ; introducción traducciones y notas de Santiago Segura Munguía.
246 1 3 _aFlorida
260 _aMadrid :
_bGredos,
_c1977
300 _a294 p. ;
_c19 cm.
440 0 _aBiblioteca clásica Gredos ;
_vn.32
504 _aBibliography: p. [45]-49. Index.
650 0 _aPhilosophy, Classical.
650 0 _aPhilosophy, Ancient.
650 0 _aPhilosophers, Ancient
_xBiography
700 1 _aSegura Munguía, Santiago.
_eTrad.
942 _2lcc
_cbk
946 _amjcruz
994 _aC0
_bDRFGD
999 _c90193
_d90193